000 00480nmm a2200169Ia 4500
008 251105s9999||||xx |||||||||||||||||und||
020 _a9788499677781
041 _aspa
100 _aSan Juan, Víctor
245 0 _aExtraños sucesos navales
264 _a[Madrid, España] :
_bEdiciones Nowtilus,
_c2016
300 _a256 páginas
490 _aHistoria Incógnita
650 _aHistory (General)
856 _uhttps://public.digitaliapublishing.com/a/171867
942 _cCF
999 _c93168
_d93168